[Event "Volme op-H"]
[Site "Schalksmuehle"]
[Date "2007.08.26"]
[Round "5"]
[White "Schulze, Marc Andre"]
[Black "Eckhardt, Klaus"]
[Result "1-0"]
[WhiteElo "1355"]
[BlackElo "1455"]
[PlyCount "57"]
[EventDate "2007.08.24"]
[EventType "tourn"]
[EventRounds "5"]
[EventCountry "GER"]
[SourceTitle "EXT 2009"]
[Source "ChessBase"]
[SourceDate "2008.11.26"]
[SourceVersion "1"]
[SourceVersionDate "2008.11.26"]
[SourceQuality "1"]

1. e4 e5 2. Nf3 Nc6 3. Bb5 a6 4. Ba4 Nf6 5. 0-0 d6 6. Re1 Bd7 7. c3 Be7 8. h3 b5 9. Bc2 Qc8 10. Kh2 h6 11. d4 exd4 12. cxd4 0-0 13. Bf4 Re8 14. a3 Nh7 15. Qd3 f5 16. exf5 Bxf5 17. Qxf5 Qxf5 18. Bxf5 Bg5 19. Rxe8+ Rxe8 20. Bxh7+ Kxh7 21. Nxg5+ hxg5 22. Be3 Kg6 23. Nc3 Ne7 24. Rc1 Nf5 25. Nd5 c5 26. dxc5 dxc5 27. Rxc5 Rd8 28. g4 Rd6 29. gxf5+ 1-0

[Event "Volme op-H"]
[Site "Schalksmuehle"]
[Date "2007.08.25"]
[Round "2"]
[White "Eckhardt, Klaus"]
[Black "Dang, An Hai"]
[Result "1-0"]
[WhiteElo "1455"]
[BlackElo "1440"]
[PlyCount "111"]
[EventDate "2007.08.24"]
[EventType "tourn"]
[EventRounds "5"]
[EventCountry "GER"]
[SourceTitle "EXT 2009"]
[Source "ChessBase"]
[SourceDate "2008.11.26"]
[SourceVersion "1"]
[SourceVersionDate "2008.11.26"]
[SourceQuality "1"]

1. e4 c5 2. Nf3 Nc6 3. Bc4 Nf6 4. Nc3 e6 5. 0-0 Be7 6. e5 Ng4 7. Re1 d5 8. Bb5 Bd7 9. h3 Nh6 10. Bxc6 Bxc6 11. d4 Nf5 12. Ne2 Qb6 13. c3 0-0 14. Rb1 f6 15. g4 Nh6 16. Nf4 Bd7 17. Qe2 Rf7 18. Nxd5 exd5 19. e6 Bb5 20. exf7+ Nxf7 21. Qxe7 h6 22. Qxc5 Qxc5 23. dxc5 Bc6 24. Nd4 Ne5 25. Bf4 Nd3 26. Nxc6 bxc6 27. Re3 Nxf4 28. Rbe1 Kf8 29. Kh2 Ng6 30. Kg3 Ne5 31. b3 Kf7 32. f4 Ng6 33. h4 a6 34. h5 Nf8 35. Re7+ Kg8 36. Rc7 g5 37. f5 Rd8 38. Ree7 d4 39. cxd4 a5 40. Re4 Nh7 41. Rxc6 Nf8 42. Rxf6 Kg7 43. Rc6 Nh7 44. Rc7+ Kg8 45. Re6 Rxd4 46. Rg6+ Kh8 47. Rxh6 Kg8 48. Rhxh7 Rd8 49. Rhd7 Re8 50. Kf3 Kh8 51. h6 a4 52. f6 a3 53. Rh7+ Kg8 54. f7+ Kxh7 55. fxe8Q+ Kxh6 56. Qh5# 1-0